| 000 | 00781nam a2200277 i 4500 | ||
|---|---|---|---|
| 001 | 15281 | ||
| 003 | ES-MaACL | ||
| 005 | 20250819164917.0 | ||
| 007 | t| | ||
| 008 | 990729s1998 sp ||||0| spa j | ||
| 020 | _a84-233-3042-7 | ||
| 040 |
_aM-BN _bspa _cM-BN |
||
| 080 | _a323.17 | ||
| 100 | 1 |
_aGellner, Ernest. _956272 |
|
| 245 | 1 | 0 |
_aNacionalismo / _cErnest Gellner ; [traducción, Ferran Meler]. |
| 250 | _a1ª ed. | ||
| 260 |
_aBarcelona : _bDestino, _c1998. |
||
| 300 |
_a199 p. ; _c20 cm. |
||
| 490 | 1 |
_aEnsayos/Destino ; _v40 |
|
| 650 | 7 |
_aNacionalismo _2embne _915438 |
|
| 700 | 1 |
_aMeler, Ferran. _979938 |
|
| 830 | 0 |
_aEnsayos/Destino ; _v40 _9179023 |
|
| 852 |
_aES-MaACL _jL-22550 _bR.127928 |
||
| 999 |
_c15281 _d15281 |
||